|
|
|
|
| LEADER |
01430nam a22003612a 4500 |
| 001 |
000218375 |
| 003 |
CZ BrMZK |
| 005 |
20180917122217.0 |
| 007 |
ta |
| 008 |
970107s1983 xr af g 000 f cze d |
| 015 |
|
|
|a cnb000002778
|
| 040 |
|
|
|a BOA001
|b cze
|
| 072 |
|
7 |
|a 821.162.3-3
|x Česká próza
|2 Konspekt
|9 25
|
| 080 |
|
|
|a 821.162.3-31
|2 MRF
|
| 080 |
|
|
|a 94(100)"1914/1918"
|2 MRF
|
| 080 |
|
|
|a (0:82-311.6)
|2 MRF
|
| 100 |
1 |
|
|a Šotola, Jiří,
|d 1924-1989
|7 jk01130767
|4 aut
|
| 245 |
1 |
0 |
|a Malovaný děti /
|c Jiří Šotola
|
| 250 |
|
|
|a 1. vyd.
|
| 260 |
|
|
|a Praha :
|b Mladá fronta,
|c 1983
|
| 300 |
|
|
|a 143 s., [9] s. barev. obr. příl. :
|b il. ;
|c 21 cm
|
| 490 |
1 |
|
|a Máj ;
|v sv. 40
|
| 650 |
0 |
7 |
|a první světová válka (1914-1918)
|7 ph126327
|2 czenas
|
| 655 |
|
7 |
|a české romány
|7 fd133974
|2 czenas
|
| 655 |
|
7 |
|a historické romány
|7 fd132414
|2 czenas
|
| 830 |
|
0 |
|a Máj (Mladá fronta)
|0 s
|
| 856 |
4 |
1 |
|u http://www.digitalniknihovna.cz/mzk/uuid/uuid:223cc700-691e-11e2-9a2f-005056827e51
|y Digitalizovaný dokument
|x NDK
|
| 910 |
|
|
|a BOA001
|b PK-0096.098
|b 2-0863.475
|
| 920 |
|
|
|a 000096423
|
| 990 |
|
|
|a BK
|
| 996 |
7 |
|
|b 2619842364
|c 2-0863.475
|l MZK
|r Sklad / do 1 hodiny
|n 3
|w 000218375
|u 000030
|a 1
|e BOA001
|j MZK50
|s A
|
| 996 |
7 |
|
|b 2619986169
|c 2-0863.475
|l MZK
|r Sklad / do 1 hodiny
|n 4
|w 000218375
|u 000020
|a 1
|e BOA001
|j MZK50
|s A
|
| 996 |
7 |
|
|b 3119905009
|c PK-0096.098
|l MZK
|r Sklad / do 1 hodiny
|n 2
|w 000218375
|u 000010
|a 1
|e BOA001
|j MZK50
|s A
|